Svoboda
Saved in:
| Main Author: | |
|---|---|
| Other Authors: | |
| Format: | Book |
| Language: | Czech |
| Published: |
Praha
Argo
2003
|
| Series: | Historické myšlení
|
| Subjects: | |
| Tags: |
No Tags, Be the first to tag this record!
|
MARC
| LEADER | 00000nam$a2200000$$$4500 | ||
|---|---|---|---|
| 001 | 0023123 | ||
| 005 | 20221207102812.9 | ||
| 020 | |a 80-7203-432-4 | ||
| 041 | 0 | |a cze | |
| 044 | |a CZ | ||
| 245 | 1 | 0 | |a Svoboda |c Zygmunt Bauman ; prekl. Pavel Kaas |
| 264 | 1 | |a Praha |b Argo |c 2003 | |
| 300 | |a 126 s. | ||
| 490 | 1 | |a Historické myšlení | |
| 830 | 0 | |a Historické myšlení | |
| 610 | 2 | 0 | |a sloboda |
| 610 | 2 | 0 | |a vzťahy spoločenské |
| 610 | 2 | 0 | |a filozofia |
| 610 | 2 | 0 | |a sociológia |
| 100 | 1 | |a Bauman, Zygmunt | |
| 700 | 1 | |a Kaas, Pavel | |